| 000 | 01352nam0a2200325 4500 | ||
|---|---|---|---|
| 001 | RU\NLR\bibl\35960 | ||
| 005 | 20260408183045.0 | ||
| 021 |
_aRU _b99-15678 _9758 |
||
| 035 | _a(NLR Aleph) 000035054 | ||
| 090 |
_a179003 _c179004 |
||
| 100 | _a19990630d1998 k y0rusy50 ca | ||
| 101 | 0 | _arus | |
| 102 | _aRU | ||
| 105 | _aa ||||||||| | ||
| 200 | 1 |
_aО существовании в лоренцевской механике абсолютной системы отсчета _fБ.С. Неганов |
|
| 210 |
_aДубна _cОИЯИ _d1998 |
||
| 215 |
_a24 с. _cил. _d22 |
||
| 225 | 1 |
_aОбъединенный институт ядерных исследований _vP2-98-217 |
|
| 300 | _aРез. на англ. яз | ||
| 320 | _aБиблиогр.: с. 24 | ||
| 606 | 0 |
_aЛоренца преобразования _92087624 _3RU\NLR\auth\661263794 |
|
| 606 |
_aПреобразования (мат.) Лоренца _3RU\NLR\auth\66686124 _91566924 |
||
| 606 |
_aСистемы отсчета (физ.) релятивистские _3RU\NLR\auth\661012698 _91619539 |
||
| 686 | _aВ317.2 | ||
| 700 | 1 |
_4070 _8rus _7ca _aНеганов _bБ. С. _f1928 - _gБорис Степанович _3RU\NLR\auth\7714190 _9123864 |
|
| 801 | 0 |
_aRU _bNLR _c19990630 _gPSBO |
|
| 801 | 1 |
_aRU _bNLR _c19990630 |
|
| 852 |
_aNLR _j99-6/520 |
||
| 942 | _cBOOK | ||
| 980 | _aNB | ||